01130nab a22002297a 4500999001500000003000400015005001700019008004100036040000700077100002900084245008200113260007300195300001500268500007500283505020100358505008900559650003200648650003600680650002900716773014200745942001300887 c6370d6370OSt20260131210732.0190603e xxum|||| |||| 00| 0 spa d cPJ 95449aCappagli, Santiago10aMedidas autosatisfactivas en los conflictos societarios /cSantiago Cappagli. cCiudad Autónoma de Buenos Aires :aThomson Reuters La Ley, b2025. ap. 285-296 aCita: TR LALEY AR/DOC/2802/2025 Publicado en: RCCyC 2025 (Diciembre). aSumario: I. Preliminar.— II. Objeto del aporte.— III. El asunto que motivó la investigación.— IV. Precedentes de la Cámara Nacional de Apelaciones en lo Comercial.— V. Conclusión.  t¿Te interesa el texto completo? Solicitalo al correo: koha@justierradelfuego.gov.ar 0aSOCIEDADES COMERCIALES9646 0aMEDIDAS AUTOSATISFACTIVAS94222 0aMEDIDAS CAUTELARES910510 0271393170dCiudad Autónoma de Buenos Aires : Thomson Reuters La Ley, 2015-tRevista Código Civil y Comercial. Nº 6 - Diciembre 2025 2udccANA